| 000 | 00880nam a2200241 a 4500 | ||
|---|---|---|---|
| 001 | 000326429 | ||
| 003 | AM-YeHGA | ||
| 005 | 20250617130648.0 | ||
| 008 | 040413s1991 ||| r 000 0 rus d | ||
| 020 | _a5855402363 | ||
| 040 | _aAM-YeHGA | ||
| 041 | 0 | _arus | |
| 100 | 1 | _aВайнерман, Виктор Соломонович | |
| 245 | 1 | 0 |
_aДостоевский и Омск / _cВиктор Вайнерман. |
| 260 |
_aОмск : _bОмское кн. изд-во, _c1991. |
||
| 300 |
_a127 с. _bил. |
||
| 504 | _aБиблиогр. в примеч.: с. 119-126 | ||
| 600 | 1 | 4 | _aДостоевский, Федор Михайлович |
| 653 | 0 | _aРусская литература, 19 в. | |
| 653 | 0 | _aТюрьма, каторга и ссылка в России - История, 19 в. - Омск | |
| 653 | 0 | _aПетрашевцы | |
| 090 | _c123188 | ||
| 999 |
_c121835 _d121835 |
||